000 00691nam a2200217Ii 4500
003 JO-AjNU
008 230606s9999||||xx |||||||||||||| ||und||
020 _a978-0-19-431342-1/978-0-19-431347-6
040 _aJO-AjNU
_beng
_erda
_cJO-AjNU
041 _aeng
050 1 4 _aPE1128.T46 1986
100 3 _aتاليف A.J.Thomsonم.مشارك;A.VMartinet,
_eauthor
_91593
245 0 2 _aA Practical English Grammar
250 _a4 ed
264 3 1 _aNew York:Oxford University Press,1986
300 _a383p
336 _atext
_btxt
_2rdacontent
337 _aunmediated
_bn
_2rdamedia
338 _avolume
_bnc
_2rdacarrier
650 4 _aOxford Practical English Grammar With Answers-Grammar
_91594
999 _aE836
_c836
_d836